00599 a2200157 4500020001800000040001300018100002200031245009900053246006500152260005100217300003700268500005100305650001100356650003400367700004000401 a9781402048234 aDLCbDLC0 aIsmail, Mohammed.10aRadio design in nanometer technologiescMohammed Ismail and Delia Rodriguez De Llera Gonzalez.3 aRadio design in nanometer technologies [electronic resource] aDordrecht, The Netherland :bSpringer,cc2006. axxviii, 326 p. :bill. ;c25 cm. aIncludes bibliographical references and index. 0aRadio. 0aRadioxTransmitter-receivers.1 aGonzalez, Delia Rodriguez De Llera.